000 00735nam a22002535a 4500
001 19173598
005 20170131111941.0
008 160712s2018 maua frb 001 0 eng d
020 _a9781337091848
020 _a1337091847
040 _aDLC
_beng
_cDLC
_dEG-ScBUE
_dEG-ScBUE
082 0 4 _a364
_bSIE
_222
100 1 _aSiegel, Larry J.
245 1 0 _aCriminology :
_btheories, patterns, and typologies /
_cLarry J. Siegel.
250 _a13th ed.
260 _aBoston :
_bCengage Learning,
_cc.2018
263 _a1611
300 _axxiv, 632 p. :
_bill. ;
_c28 cm.
504 _aIncludes bibliographical references and index.
650 7 _aCriminology.
_2BUEsh
651 _2BUEsh
653 _bLLAAWW
_cJanuary2017
942 _2ddc
999 _c24013
_d23985